[Event "39th Olympiad Women"]
[Site "Khanty-Mansiysk RUS"]
[Date "2010.09.21"]
[Round "1"]
[White "Tay, Li Jin Jeslin"]
[Black "Pogonina, Natalija"]
[Result "0-1"]
[BlackTitle "WGM"]
[WhiteElo "2119"]
[BlackElo "2491"]
[Board "5.1"]
[WhiteTeam "SIN"]
[BlackTeam "RUS2"]
[WhiteFideId "5800927"]
[BlackFideId "4147855"]
[EventDate "2010.09.21"]
[EventType "team"]

1. d4 Nf6 2. c4 e6 3. Nc3 Bb4 4. e3 O-O 5. Ne2 d5 6. a3 Be7 7. cxd5 exd5 8. g3
Nbd7 9. Bg2 Nb6 10. O-O a5 11. Nf4 Re8 12. a4 c6 13. b3 Bb4 14. Qc2 Qe7 15. Bb2
g6 16. Nd3 Bf5 17. Qe2 Bd6 18. Rfc1 Nbd7 19. Nb1 h5 20. Ba3 Bxa3 21. Nxa3 h4 22.
Nc2 Kg7 23. Nce1 hxg3 24. hxg3 Rh8 25. Nf3 Be4 26. Nc5 Nxc5 27. dxc5 Rh5 28. Qb2
Qd7 29. Ne5 Qe6 30. f3 Qxe5 31. Qxe5 Rxe5 32. fxe4 Nxe4 33. Bxe4 Rxe4 34. Rc3
Rae8 35. Kf2 g5 36. Rd3 R8e6 37. Rg1 f5 38. Rh1 Rh6 39. Rxh6 Kxh6 40. Rd1 Rb4
41. Rh1+ Kg6 42. Rh8 Rxb3 43. Rg8+ Kh5 44. Ke2 Kg4 45. Rg7 Rc3 46. Rxb7 Kxg3 47.
Rf7 Kg4 48. Ra7 Rxc5 49. Ra8 f4 50. exf4 Kxf4 51. Rf8+ Kg3 52. Rf3+ Kg4 53. Rf6
Rc4 54. Ke3 c5 55. Rc6 Kf5 0-1

[Event "39th Olympiad Women"]
[Site "Khanty-Mansiysk RUS"]
[Date "2010.09.21"]
[Round "1"]
[White "Lang, Heather"]
[Black "Hoang Thanh Trang"]
[Result "0-1"]
[BlackTitle "GM"]
[WhiteElo "2025"]
[BlackElo "2482"]
[Board "8.1"]
[WhiteTeam "SCO"]
[BlackTeam "HUN"]
[WhiteFideId "2400979"]
[BlackFideId "12400149"]
[EventDate "2010.09.21"]
[EventType "team"]

1. e4 e6 2. d4 d5 3. Nc3 Bb4 4. exd5 exd5 5. Qf3 Nc6 6. Bb5 Ne7 7. Ne2 Bf5 8.
Bd3 Qd7 9. Bf4 O-O-O 10. Bxf5 Qxf5 11. O-O-O g5 12. Be3 f6 13. Qh5 Qg6 14. Qg4+
Kb8 15. h4 h5 16. Qh3 Nf5 17. hxg5 fxg5 18. Rd3 g4 19. Qh2 Bd6 20. Bf4 Bxf4+ 21.
Nxf4 Qg5 22. Ne2 h4 23. Kb1 Rhe8 24. c3 Re4 25. g3 hxg3 26. fxg3 a6 27. Rdd1 Ne3
28. Rde1 Qf5 29. Nd3 Rde8 30. Nec1 Na5 31. b3 Nc6 32. Qh5 Qf3 33. Ne5 R4xe5 34.
dxe5 Qe4+ 35. Kb2 Qc2+ 36. Ka3 Rxe5 37. Qh8+ Ka7 38. Ne2 Qd2 39. Nd4 Nxd4 40.
Qxe5 Nec2+ 41. Kb2 Nb4+ 42. Ka3 Ndc2+ 43. Ka4 b5+ 44. Ka5 Nc6# 0-1

[Event "39th Olympiad Women"]
[Site "Khanty-Mansiysk RUS"]
[Date "2010.09.21"]
[Round "1"]
[White "Majdan-Gajewska, Joanna"]
[Black "Finnbogadottir, Tinna Kristin"]
[Result "1-0"]
[WhiteTitle "WGM"]
[WhiteElo "2333"]
[BlackElo "1781"]
[Board "9.3"]
[WhiteTeam "POL"]
[BlackTeam "ISL"]
[WhiteFideId "1121979"]
[BlackFideId "2300214"]
[EventDate "2010.09.21"]
[EventType "team"]

1. e4 c5 2. Nf3 g6 3. d4 cxd4 4. Nxd4 Nc6 5. Nc3 Bg7 6. Be3 Nf6 7. Bc4 O-O 8.
Bb3 a5 9. a4 Ng4 10. Qxg4 Bxd4 11. Bh6 Bg7 12. Bxg7 Kxg7 13. Qg3 d6 14. Rd1 b6
15. Nd5 Ba6 16. Qc3+ Ne5 17. f4 e6 18. Ne3 f6 19. fxe5 fxe5 20. Bxe6 Qf6 21.
Rxd6 Rae8 22. Ng4 Qf4 23. Qe3 Rxe6 24. Qxf4 Rxf4 25. Rxe6 Rxe4+ 26. Kf2 Rxg4 27.
b3 Bc8 28. Rxb6 Bf5 29. c3 Rf4+ 30. Ke3 Re4+ 31. Kd2 Rf4 32. Re1 e4 33. Ke3 g5
34. b4 axb4 35. cxb4 Bg6 36. a5 Rf8 37. a6 Rd8 38. a7 Rd3+ 39. Kf2 Ra3 40. Rb7+
Kf6 41. b5 Be8 42. Rxe4 Bxb5 43. Rxb5 Rxa7 44. Rb6+ Kf5 45. Rbe6 h5 46. R4e5+
Kg4 47. h3+ Kh4 48. Re4+ g4 49. hxg4 hxg4 50. g3+ Kh5 51. R4e5# 1-0

[Event "39th Olympiad Women"]
[Site "Khanty-Mansiysk RUS"]
[Date "2010.09.21"]
[Round "1"]
[White "Toro Pradenas, Maria Jose"]
[Black "Levushkina, Elena"]
[Result "0-1"]
[WhiteTitle "WFM"]
[BlackTitle "WGM"]
[WhiteElo "1951"]
[BlackElo "2346"]
[Board "15.2"]
[WhiteTeam "CHI"]
[BlackTeam "GER"]
[WhiteFideId "3412610"]
[BlackFideId "14200686"]
[EventDate "2010.09.21"]
[EventType "team"]

1. e4 c5 2. c3 g6 3. d4 cxd4 4. cxd4 d5 5. e5 Bg7 6. Nf3 Bg4 7. Qb3 Qb6 8. Qxb6
axb6 9. Nc3 Bxf3 10. gxf3 Nc6 11. Be3 Ra5 12. Bb5 e6 13. b4 Ra3 14. Kd2 Ne7 15.
Rhb1 O-O 16. Rb2 Nf5 17. Nb1 Raa8 18. Bxc6 bxc6 19. a4 c5 20. bxc5 bxc5 21. Kd3
cxd4 22. Bf4 Rfc8 23. Rb4 h6 24. Ra2 g5 25. Bg3 Rc5 26. f4 Rca5 27. fxg5 hxg5
28. Nd2 Bf8 29. Rb3 Rxa4 30. Rxa4 Rxa4 31. f4 Nxg3 32. hxg3 gxf4 33. gxf4 Bh6
34. Nf3 Bxf4 35. Rb8+ Kg7 36. Rb3 Kg6 0-1

[Event "39th Olympiad Women"]
[Site "Khanty-Mansiysk RUS"]
[Date "2010.09.21"]
[Round "1"]
[White "Igla, Bella"]
[Black "Ostry, Irina"]
[Result "0-1"]
[WhiteTitle "WGM"]
[BlackTitle "WIM"]
[WhiteElo "2271"]
[BlackElo "2197"]
[Board "22.2"]
[WhiteTeam "ISR"]
[BlackTeam "KGZ"]
[WhiteFideId "2806819"]
[BlackFideId "13800060"]
[EventDate "2010.09.21"]
[EventType "team"]

1. d4 Nf6 2. c4 e6 3. Nc3 Bb4 4. Qc2 b6 5. Bg5 Bb7 6. e3 O-O 7. Ne2 d5 8. cxd5
exd5 9. g3 h6 10. Bxf6 Qxf6 11. Bg2 Re8 12. O-O c6 13. Nf4 Bxc3 14. bxc3 Nd7 15.
Rfe1 Qd6 16. c4 dxc4 17. Qxc4 Rab8 18. Red1 Nf6 19. Rac1 Qa3 20. Rc3 Qa5 21. Qd3
g5 22. Ra3 Qb5 23. Rb1 Qxd3 24. Nxd3 Ra8 25. Rc1 Ne4 26. Bxe4 Rxe4 27. Ne5 c5
28. f3 Rxe5 29. dxe5 Bxf3 30. Rd3 Bg4 31. Rd6 Kg7 32. Rc4 Be6 33. Ra4 c4 34. Rd1
b5 35. Ra5 b4 36. Rb5 a5 37. Ra1 c3 38. Kf2 Rd8 39. Rxa5 Rd2+ 40. Kf3 Bxa2 41.
Rc5 Be6 42. Ra4 Rb2 43. e4 c2 44. Ra6 b3 45. Rc7 Kg6 46. Rc8 Rb1 47. Rg8+ Kh7
48. Raa8 Rf1+ 49. Kg2 c1=Q 0-1

[Event "39th Olympiad Women"]
[Site "Khanty-Mansiysk RUS"]
[Date "2010.09.21"]
[Round "1"]
[White "Algildah, Nibal"]
[Black "Plazaola, Maria De Los Angeles"]
[Result "0-1"]
[BlackTitle "WIM"]
[WhiteElo "1932"]
[BlackElo "2203"]
[Board "27.2"]
[WhiteTeam "SYR"]
[BlackTeam "ARG"]
[WhiteFideId "7600950"]
[BlackFideId "113395"]
[EventDate "2010.09.21"]
[EventType "team"]

1. e4 c5 2. Nf3 Nc6 3. d4 cxd4 4. Nxd4 d6 5. Be2 Nf6 6. f3 g6 7. c3 Bg7 8. Be3
Bd7 9. Qd2 Rc8 10. Na3 a6 11. O-O O-O 12. Kh1 d5 13. Nxc6 Bxc6 14. e5 Nd7 15. f4
e6 16. Bd4 b5 17. Nc2 a5 18. Qe3 Qc7 19. Rac1 Qb7 20. h4 Nb8 21. Qh3 Rfe8 22. h5
Qe7 23. hxg6 hxg6 24. Bd3 Nd7 25. Rcd1 Nc5 26. Bxc5 Qxc5 27. Nd4 Bd7 28. Rf3 b4
29. Nb3 Qb6 30. cxb4 Qxb4 31. Rb1 a4 32. Nc1 Qd2 33. Ne2 Rb8 34. Qg4 Bb5 35.
Bxb5 Rxb5 36. Ng3 Rxb2 37. Rxb2 Qxb2 38. a3 Rc8 39. f5 Bxe5 0-1

[Event "39th Olympiad Women"]
[Site "Khanty-Mansiysk RUS"]
[Date "2010.09.21"]
[Round "1"]
[White "Lauterbach, Ingrid"]
[Black "Nakagawa, Emiko"]
[Result "1-0"]
[WhiteTitle "WIM"]
[BlackTitle "WCM"]
[WhiteElo "2169"]
[BlackElo "1806"]
[Board "39.1"]
[WhiteTeam "ENG"]
[BlackTeam "JPN"]
[WhiteFideId "405221"]
[BlackFideId "7000480"]
[EventDate "2010.09.21"]
[EventType "team"]

1. Nf3 Nf6 2. g3 g6 3. Bg2 Bg7 4. O-O O-O 5. d3 d6 6. e4 c5 7. Nbd2 Nc6 8. c3
Bd7 9. d4 Qc8 10. Re1 Bh3 11. Bh1 Rb8 12. dxc5 dxc5 13. Qc2 Rd8 14. Nc4 h6 15.
Bf4 Ra8 16. Rad1 Qe6 17. Nfd2 Rd7 18. Be3 b6 19. f3 Rad8 20. b3 Ne5 21. Nxe5
Qxe5 22. Bf4 Qe6 23. Nc4 Rxd1 24. Rxd1 Rxd1+ 25. Qxd1 Qd7 26. Qxd7 Nxd7 27. Bd2
h5 28. f4 e5 29. Ne3 Bh6 30. Nd5 Kg7 31. c4 f6 32. Kf2 Nf8 33. Bc3 Nd7 34. Kf3
Bg4+ 35. Ke3 Bh3 36. Bf3 Kf7 37. Kf2 Be6 38. Be2 Kg7 39. Nc7 1-0

[Event "39th Olympiad Women"]
[Site "Khanty-Mansiysk RUS"]
[Date "2010.09.22"]
[Round "2"]
[White "Wang, Yu A."]
[Black "Reppen, Ellisiv"]
[Result "1-0"]
[WhiteTitle "IM"]
[WhiteElo "2394"]
[BlackElo "1954"]
[Board "2.4"]
[WhiteTeam "CHN"]
[BlackTeam "NOR"]
[WhiteFideId "8601097"]
[BlackFideId "1504959"]
[EventDate "2010.09.21"]
[EventType "team"]

1. e4 e5 2. Bc4 Nf6 3. d3 Bc5 4. Nc3 d6 5. Na4 Bb6 6. Nxb6 axb6 7. Bg5 Be6 8.
Qf3 Bxc4 9. dxc4 Nbd7 10. Ne2 O-O 11. g4 Qe7 12. Rg1 Qe6 13. b3 c6 14. Nc3 Rfe8
15. Bd2 Nc5 16. g5 Nfd7 17. h4 Qe7 18. Ne2 Ne6 19. Ng3 Nd4 20. Qd1 Nc5 21. Be3
Rad8 22. c3 Nde6 23. b4 Na6 24. Bxb6 Nec7 25. Nf5 Qe6 26. b5 cxb5 27. cxb5 d5
28. bxa6 Qxb6 29. axb7 Qxb7 30. Qb3 Qa6 31. Rd1 Rb8 32. Qc2 dxe4 33. Qxe4 Qxa2
34. Rg3 Ne6 35. Nd6 Red8 36. Qxe5 Rb1 37. Rd3 Qc2 38. Rxb1 Qxd3 39. Rd1 Qh3 40.
Qg3 Qh1+ 41. Ke2 Qc6 42. Qe5 Qa6+ 43. c4 Qc6 44. f3 Qa6 45. h5 Rxd6 46. Qxd6
Qxc4+ 47. Ke3 Qc3+ 48. Kf2 Qa5 49. Qb8+ Nf8 50. Qd8 Qc5+ 51. Kg2 Qe3 52. Qd2 Qe5
53. Re1 Qf5 54. Re8 Qc5 55. Qe3 Qxe3 56. Rxe3 Ne6 57. Kg3 Kf8 58. Kg4 g6 59. h6
Ke7 60. Ra3 f5+ 61. gxf6+ Kxf6 62. Ra7 Nf8 63. f4 Ke6 64. Rg7 Kf6 65. Kf3 Ke6
66. Kg3 Kf6 67. Kg4 Ke6 68. Kg5 Kd6 69. Kf6 Ne6 70. Rxh7 Nxf4 71. Rf7 1-0

[Event "39th Olympiad Women"]
[Site "Khanty-Mansiysk RUS"]
[Date "2010.09.22"]
[Round "2"]
[White "Baklanova, Tatiana"]
[Black "Socko, Monika"]
[Result "0-1"]
[WhiteTitle "WIM"]
[BlackTitle "GM"]
[WhiteElo "2247"]
[BlackElo "2486"]
[Board "8.1"]
[WhiteTeam "ISCA"]
[BlackTeam "POL"]
[WhiteFideId "14100754"]
[BlackFideId "1106619"]
[EventDate "2010.09.21"]
[EventType "team"]

1. d4 Nf6 2. c4 e6 3. Nf3 c5 4. Nc3 cxd4 5. Nxd4 Bb4 6. Nb5 O-O 7. Bf4 Na6 8.
Bd6 Bxd6 9. Qxd6 Ne8 10. Qd2 Nac7 11. e4 Nxb5 12. Nxb5 a6 13. Nc3 d6 14. Rd1 Qa5
15. Be2 Bd7 16. O-O Bc6 17. f3 Rd8 18. Qe3 Nf6 19. g4 b5 20. cxb5 axb5 21. b4
Qxb4 22. Rb1 Qa5 23. Bxb5 Rc8 24. Be2 d5 25. g5 d4 26. Qxd4 Qxg5+ 27. Kh1 Rfd8
28. Qb6 Nd7 29. Rg1 Qf6 30. Qe3 h6 31. a4 Ba8 32. Rb3 Ne5 33. Nb5 Rc2 34. Rd3
Nxd3 35. Bxd3 Ra2 36. Bc4 Rxa4 37. Rc1 Ra1 38. Be2 Qb2 39. Rxa1 Qxa1+ 40. Kg2
Qe1 41. Qf2 Qb4 42. Kf1 Rd2 43. Qb6 Qb1+ 44. Kf2 Qb2 45. Qe3 Bb7 46. Ke1 Rxe2+ 0-1

[Event "39th Olympiad Women"]
[Site "Khanty-Mansiysk RUS"]
[Date "2010.09.22"]
[Round "2"]
[White "Camacho, Chardine Cheradee"]
[Black "Foisor, Cristina-Adela"]
[Result "1/2-1/2"]
[WhiteTitle "WFM"]
[BlackTitle "IM"]
[WhiteElo "2186"]
[BlackElo "2395"]
[Board "9.1"]
[WhiteTeam "PHI"]
[BlackTeam "ROU"]
[WhiteFideId "5201829"]
[BlackFideId "1200496"]
[EventDate "2010.09.21"]
[EventType "team"]

1. e4 c6 2. d4 g6 3. Nc3 d5 4. Nf3 Bg7 5. h3 Nh6 6. Bd3 O-O 7. Bf4 dxe4 8. Nxe4
Nf5 9. c3 Nd6 10. O-O Nxe4 11. Bxe4 Nd7 12. Qe2 Nf6 13. Bd3 Nd5 14. Be5 Bh6 15.
Rfe1 Re8 16. Rad1 b5 17. Nh2 a5 18. Ng4 Bxg4 19. Qxg4 e6 20. h4 a4 21. a3 Ra7
22. Qh3 f5 23. g3 Nb6 24. f4 Nc4 25. Re2 Qd5 26. Qg2 Bf8 27. Rde1 Kf7 28. Kf2 c5
29. Qxd5 exd5 30. Bxc4 dxc4 31. dxc5 Bxc5+ 32. Bd4 Bxd4+ 33. cxd4 Rxe2+ 34. Rxe2
Rd7 35. Re5 Rxd4 36. Rxb5 Rd2+ 37. Ke1 Rd3 38. Rc5 Rxg3 39. Rxc4 Rb3 40. Rb4 Rh3
41. Rxa4 Rxh4 42. Kd2 Ke6 43. Ke3 Kd5 44. Rd4+ Kc6 45. Kd3 h5 46. Kc4 Rh1 47. b4
Rc1+ 48. Kb3 h4 49. Rd8 Rf1 50. Rg8 Rf3+ 51. Ka4 Rxf4 52. Rxg6+ Kd5 53. Ka5 Rg4
54. Rh6 Rg8 55. Rxh4 Ra8+ 56. Kb6 Rxa3 57. b5 Rb3 58. Rh8 f4 59. Rd8+ Ke4 60.
Re8+ Kd4 61. Kc6 Rc3+ 62. Kb7 Re3 63. Rf8 Re7+ 64. Ka6 Ke3 1/2-1/2

[Event "39th Olympiad Women"]
[Site "Khanty-Mansiysk RUS"]
[Date "2010.09.22"]
[Round "2"]
[White "Bojkovic, Natasa"]
[Black "Hernandez Guerrero, Yadira"]
[Result "1-0"]
[WhiteTitle "IM"]
[BlackTitle "WIM"]
[WhiteElo "2368"]
[BlackElo "2160"]
[Board "12.1"]
[WhiteTeam "SRB"]
[BlackTeam "MEX"]
[WhiteFideId "908550"]
[BlackFideId "5100992"]
[EventDate "2010.09.21"]
[EventType "team"]

1. e4 e6 2. d4 d5 3. Nd2 c5 4. exd5 exd5 5. Ngf3 Nc6 6. Bb5 Bd6 7. dxc5 Bxc5 8.
O-O Ne7 9. Nb3 Bd6 10. c3 O-O 11. Bd3 h6 12. h3 Qc7 13. Nbd4 a6 14. Bc2 Rd8 15.
Re1 Bd7 16. Qd3 Ng6 17. Nf5 Re8 18. Rxe8+ Rxe8 19. Nxd6 Qxd6 20. Be3 Nce5 21.
Nxe5 Rxe5 22. Qd4 Qf6 23. f4 Re8 24. Qxf6 gxf6 25. Kf2 Kg7 26. Rd1 Bc6 27. g3
Ne7 28. Bd4 Ng6 29. Kf3 Nf8 30. a4 Ne6 31. Bb3 h5 32. g4 hxg4+ 33. hxg4 Nxd4+
34. Rxd4 Rd8 35. Kf2 Rd7 36. a5 Kf8 37. Bd1 Ke7 38. Bf3 Ke6 39. Ke3 Re7 40. Kf2
Re8 41. Rd1 Rh8 42. Kg3 Rg8 43. Kf2 Rh8 44. Rd4 Re8 45. Bg2 Rg8 46. Rd2 Ke7 47.
Bxd5 Bxd5 48. Rxd5 Rxg4 49. Rd4 Ke6 50. Kf3 Rg1 51. Rb4 Ra1 52. Rb6+ Kf5 53.
Rxb7 Rxa5 54. Rxf7 Rb5 55. Ra7 Rb6 56. Ra8 Rc6 57. Rh8 Rc4 58. Rh5+ Ke6 59. Ra5
Rc6 60. Ke4 Rc4+ 61. Ke3 Rc6 62. Kd4 Rb6 63. b4 Kd6 64. Rd5+ Kc6 65. Rc5+ Kd6
66. Ke4 Ke6 67. Rd5 Rc6 68. f5+ Ke7 69. Kd4 Rc8 70. c4 Rc6 71. c5 Rc8 72. Rd6
Ra8 73. Rb6 a5 74. bxa5 Rxa5 75. Rb7+ Kd8 76. Rf7 Ra1 77. Rxf6 Rd1+ 78. Ke5 Ke7
79. Re6+ Kf7 80. c6 Re1+ 81. Kd6 Rd1+ 82. Kc5 Rc1+ 83. Kb6 Rb1+ 84. Ka7 Ra1+ 85.
Kb8 Rb1+ 86. Kc8 Rb5 87. Kd7 Rd5+ 88. Rd6 Rxf5 89. c7 1-0

[Event "39th Olympiad Women"]
[Site "Khanty-Mansiysk RUS"]
[Date "2010.09.22"]
[Round "2"]
[White "Peng, Zhaoqin"]
[Black "Vovk, Oksana"]
[Result "0-1"]
[WhiteTitle "GM"]
[BlackTitle "WIM"]
[WhiteElo "2400"]
[BlackElo "2157"]
[Board "13.1"]
[WhiteTeam "NED"]
[BlackTeam "DEN"]
[WhiteFideId "1004786"]
[BlackFideId "1404695"]
[EventDate "2010.09.21"]
[EventType "team"]

1. d4 Nf6 2. c4 e6 3. Nc3 Bb4 4. e3 c5 5. Ne2 cxd4 6. exd4 d5 7. a3 Be7 8. Nf4
dxc4 9. Bxc4 O-O 10. O-O Re8 11. Be3 Nc6 12. Rc1 a6 13. d5 exd5 14. Ncxd5 Nxd5
15. Nxd5 Bd6 16. Nb6 Rb8 17. Qh5 Ne5 18. Nxc8 Rxc8 19. Bb3 Rxc1 20. Rxc1 Qf6 21.
Rd1 g6 22. Qg5 Qxg5 23. Bxg5 Bc5 24. h3 Kg7 25. Rd5 b6 26. Kf1 f6 27. Bd2 Re7
28. Ba4 Re6 29. b4 Bf8 30. Bb3 Rd6 31. Ke2 Nc6 32. Be3 b5 33. Bc5 Re6+ 34. Be3
Rd6 35. Bb6 Re6+ 36. Kd2 Ne7 37. Bc7 Nxd5 38. Bxd5 Re7 0-1

[Event "39th Olympiad Women"]
[Site "Khanty-Mansiysk RUS"]
[Date "2010.09.22"]
[Round "2"]
[White "Medic, Mirjana"]
[Black "Hamrakulova, Yulduz"]
[Result "1-0"]
[WhiteTitle "WGM"]
[BlackTitle "WIM"]
[WhiteElo "2264"]
[BlackElo "2207"]
[Board "20.2"]
[WhiteTeam "CRO"]
[BlackTeam "UZB"]
[WhiteFideId "14501619"]
[BlackFideId "14201151"]
[EventDate "2010.09.21"]
[EventType "team"]

1. d4 Nf6 2. c4 e6 3. Nc3 Bb4 4. e3 O-O 5. Bd3 c5 6. Ne2 Nc6 7. O-O b6 8. Ne4
cxd4 9. exd4 d5 10. cxd5 exd5 11. N4g3 h6 12. Qa4 Bd7 13. Bb5 Nxd4 14. Nxd4 Bxb5
15. Qxb5 Bc5 16. Qd3 Qd7 17. Ngf5 Ne4 18. Bf4 Rad8 19. Rad1 Kh7 20. Ne3 g5 21.
Bg3 f5 22. f3 Nxg3 23. hxg3 Kh8 24. b4 Bxb4 25. Nexf5 Rf6 26. g4 Bc5 27. g3 Qa4
28. Rd2 Re8 29. Kg2 Qc4 30. Qxc4 dxc4 31. Rc2 Bxd4 32. Nxd4 Rd6 33. Rxc4 Red8
34. Nb3 a5 35. Rf2 b5 36. Rcc2 a4 37. Nc5 Rd5 38. Ne4 b4 39. Rc7 Rf8 40. Rb7 Rd4
41. Nc5 Ra8 42. Re2 Rc4 43. Nxa4 Rac8 44. Nb6 Rc2 45. Re7 R8c7 46. Re8+ Kg7 47.
Kf2 Kf7 48. Rxc2 Rxc2+ 49. Re2 Rc5 50. Nd7 Rb5 51. Ne5+ Kf6 52. f4 b3 53. axb3
Rxb3 54. Re3 Rb4 55. Kf3 Ra4 56. Rc3 Ra7 57. Rc6+ Kg7 58. fxg5 hxg5 59. Rg6+ Kh7
60. Rxg5 Ra1 61. Rf5 Ra4 62. g5 Ra3+ 63. Kg4 Ra4+ 64. Rf4 Ra3 65. Rf7+ Kg8 66.
Rc7 Ra4+ 67. Kf5 Ra6 68. Ng4 Ra1 69. Nf6+ Kf8 70. Kg6 Ra7 71. Rc8+ Ke7 72. Re8+
Kd6 73. Kh6 1-0

[Event "39th Olympiad Women"]
[Site "Khanty-Mansiysk RUS"]
[Date "2010.09.22"]
[Round "2"]
[White "Moncayo Romero, Evelyn"]
[Black "Videnova, Iva"]
[Result "1/2-1/2"]
[WhiteTitle "WIM"]
[BlackTitle "WIM"]
[WhiteElo "2127"]
[BlackElo "2283"]
[Board "24.3"]
[WhiteTeam "ECU"]
[BlackTeam "BUL"]
[WhiteFideId "3600424"]
[BlackFideId "2907763"]
[EventDate "2010.09.21"]
[EventType "team"]

1. e4 c5 2. Nf3 d6 3. d4 cxd4 4. Nxd4 Nf6 5. Nc3 g6 6. Be3 Bg7 7. Bc4 Nc6 8. h3
O-O 9. Bb3 Na5 10. O-O a6 11. f4 Nxb3 12. cxb3 b5 13. Nc6 Qd7 14. Nd5 Nxd5 15.
exd5 Bxb2 16. f5 Bb7 17. Bh6 Bxc6 18. dxc6 Qa7+ 19. Kh1 Bxa1 20. Qxa1 f6 21. Qb1
g5 22. Qe4 Rf7 23. Rc1 Qc7 24. Qd5 Re8 25. Rc3 Qa5 26. Rc1 Qc7 27. Rc3 Qa5 28.
Rc1 Qc7 29. b4 Rf8 30. Rc3 Kh8 31. h4 Rg7 32. Qe6 gxh4 33. Rh3 Qxc6 34. Bxg7+
Kxg7 35. Qxe7+ Rf7 36. Qe1 Qd5 37. Qxh4 Qxf5 38. Qg3+ Qg5 39. Qxd6 Qc1+ 40. Kh2
Qc7 41. Rg3+ Kh8 42. Qxa6 Qb8 43. Kh3 1/2-1/2

[Event "39th Olympiad Women"]
[Site "Khanty-Mansiysk RUS"]
[Date "2010.09.22"]
[Round "2"]
[White "Rozic, Vesna"]
[Black "Bhatia, Kanwal K"]
[Result "1-0"]
[WhiteTitle "WIM"]
[WhiteElo "2289"]
[BlackElo "2072"]
[Board "26.3"]
[WhiteTeam "SLO"]
[BlackTeam "ENG"]
[WhiteFideId "14604000"]
[BlackFideId "407496"]
[EventDate "2010.09.21"]
[EventType "team"]

1. d4 Nf6 2. Nf3 c5 3. c3 b6 4. dxc5 bxc5 5. e4 Bb7 6. e5 Ne4 7. Bd3 e6 8. Qe2
d5 9. exd6 Nxd6 10. Nbd2 Nd7 11. O-O Be7 12. Nc4 O-O 13. Nxd6 Bxd6 14. Bxh7+
Kxh7 15. Qd3+ Kg8 16. Qxd6 Bxf3 17. gxf3 c4 18. Qg3 Qf6 19. Bg5 Qf5 20. Rfe1 f6
21. Bf4 e5 22. Be3 Rfd8 23. Qg4 Qxg4+ 24. fxg4 a6 25. Red1 Nf8 26. Kf1 Rab8 27.
Rxd8 Rxd8 28. b3 Rc8 29. Rc1 Kf7 30. Ke2 Ne6 31. Kd2 Ke7 32. Kc2 Nd8 33. Rd1 Nb7
34. h4 Ke6 35. h5 Nd6 36. b4 Nb7 37. a4 Rh8 38. Re1 Nd6 39. f4 e4 40. Bc5 Re8
41. Bxd6 Kxd6 42. Rd1+ Kc6 43. Rd4 e3 44. Rxc4+ Kb6 45. Kd1 e2+ 46. Ke1 Re3 47.
g5 fxg5 48. fxg5 Rh3 49. Kxe2 Rxh5 50. Rc5 Rh2+ 51. Kd3 Rf2 52. a5+ Kb7 53. Re5
Rf7 54. Re6 Rd7+ 55. Kc4 Rc7+ 56. Kb3 Rf7 57. Rg6 Rd7 58. c4 Rf7 59. Ka4 Ka7 60.
b5 axb5+ 61. cxb5 1-0

[Event "39th Olympiad Women"]
[Site "Khanty-Mansiysk RUS"]
[Date "2010.09.22"]
[Round "2"]
[White "Limontaite, Simona"]
[Black "Pitam, Ella"]
[Result "1-0"]
[WhiteTitle "WIM"]
[BlackTitle "WGM"]
[WhiteElo "2187"]
[BlackElo "2293"]
[Board "27.2"]
[WhiteTeam "LTU"]
[BlackTeam "ISR"]
[WhiteFideId "12802506"]
[BlackFideId "2802244"]
[EventDate "2010.09.21"]
[EventType "team"]

1. d4 d5 2. c4 c6 3. Nc3 Nf6 4. e3 g6 5. Nf3 Bg7 6. Be2 O-O 7. O-O a6 8. Bd2 b6
9. Rc1 Bb7 10. cxd5 cxd5 11. Qb3 e6 12. Na4 b5 13. Nc5 Bc8 14. Qa3 Re8 15. Bxb5
Re7 16. Ba5 Qf8 17. Ba4 Rea7 18. Bb6 Re7 19. Ne5 Bd7 20. Nexd7 Nbxd7 21. Nxd7
Nxd7 22. Ba5 Bf6 23. Bc6 Ra7 24. Bb4 Nb6 25. Bxe7 Bxe7 26. Qd3 Bd6 27. Rc2 Qe7
28. g3 h5 29. e4 Qd8 30. a4 Bb4 31. Rfc1 Kg7 32. Re2 Rc7 33. Qxa6 Nc4 34. Qb5
Qg5 35. Rxc4 1-0

[Event "39th Olympiad Women"]
[Site "Khanty-Mansiysk RUS"]
[Date "2010.09.22"]
[Round "2"]
[White "Matoussi, Amina"]
[Black "Lang, Heather"]
[Result "0-1"]
[WhiteElo "1772"]
[BlackElo "2025"]
[Board "37.1"]
[WhiteTeam "TUN"]
[BlackTeam "SCO"]
[WhiteFideId "5501164"]
[BlackFideId "2400979"]
[EventDate "2010.09.21"]
[EventType "team"]

1. e4 e5 2. Nf3 Nc6 3. d4 exd4 4. Bc4 Nf6 5. e5 d5 6. Bb5 Ne4 7. Nxd4 Bc5 8. f3
Qh4+ 9. g3 Nxg3 10. Nxc6 Nxh1+ 11. Ke2 Qxh2+ 0-1

[Event "39th Olympiad Women"]
[Site "Khanty-Mansiysk RUS"]
[Date "2010.09.22"]
[Round "2"]
[White "Naipal, Victoria"]
[Black "Smith, Olivia"]
[Result "1/2-1/2"]
[WhiteTitle "WFM"]
[BlackTitle "WFM"]
[WhiteElo "1845"]
[BlackElo "2002"]
[Board "38.1"]
[WhiteTeam "SUR"]
[BlackTeam "WLS"]
[WhiteFideId "8200149"]
[BlackFideId "411850"]
[EventDate "2010.09.21"]
[EventType "team"]

1. d4 Nf6 2. c4 e5 3. dxe5 Ng4 4. Nf3 Bc5 5. e3 Nc6 6. Be2 O-O 7. O-O Re8 8. Nc3
Ngxe5 9. Nxe5 Nxe5 10. b3 a5 11. Ne4 Bf8 12. Bb2 Ra6 13. Nc3 Rh6 14. Nd5 b6 15.
Qd2 d6 16. f4 Ng4 17. Bxg4 Bxg4 18. Bd4 Bf5 19. Rae1 Be4 20. f5 c5 21. Bb2 Bxd5
22. Qxd5 Qh4 23. h3 Qe4 24. Qxe4 Rxe4 25. f6 Rg6 26. fxg7 Bxg7 27. Bxg7 Kxg7 28.
Rf4 Re7 29. Kf2 a4 30. e4 axb3 31. axb3 b5 32. Rf3 b4 33. Rfe3 Rge6 34. g4 Rf6+
35. Kg3 Re5 36. Rd3 h5 37. Rd5 Rfe6 38. Kf4 hxg4 39. hxg4 f6 40. Rxe5 Rxe5 41.
Rd1 Re6 42. Rd5 Kf7 43. g5 fxg5+ 44. Rxg5 Rf6+ 45. Rf5 Kg6 46. Rxf6+ Kxf6 1/2-1/2

[Event "39th Olympiad Women"]
[Site "Khanty-Mansiysk RUS"]
[Date "2010.09.23"]
[Round "3"]
[White "Kosintseva, Tatiana"]
[Black "Repkova, Eva"]
[Result "1-0"]
[WhiteTitle "GM"]
[BlackTitle "IM"]
[WhiteElo "2573"]
[BlackElo "2447"]
[Board "1.1"]
[WhiteTeam "RUS1"]
[BlackTeam "SVK"]
[WhiteFideId "4133471"]
[BlackFideId "14900440"]
[EventDate "2010.09.21"]
[EventType "team"]

1. e4 Nc6 2. Nf3 d5 3. exd5 Qxd5 4. Nc3 Qa5 5. Bb5 Bd7 6. d4 O-O-O 7. Bd2 e6 8.
O-O a6 9. Be2 Nf6 10. a3 Qb6 11. Be3 Nd5 12. Nxd5 exd5 13. c4 Na5 14. c5 Qxb2
15. Rb1 Qa2 16. Ne5 Be8 17. Qd3 f6 18. Bg4+ Kb8 19. Qxa6 Nb3 20. Qd3 fxe5 21.
Rxb3 exd4 22. Bxd4 Ba4 23. Rb4 b5 24. Rxb5+ Bxb5 25. Qxb5+ 1-0